000 00371nam a2200133Ia 4500
008 220217s9999||||xx |||||||||||||| ||und||
020 _a978-0-07-061679-0
082 _a620.3 KEL
100 _aKelly, S Graham
245 0 _aMechanical vibrations
260 _aTata mcgraw hill company Ltd
_bNew Delhi
_c2009
300 _aXIII, 455p.
_b375
650 _aMECHANICHAL
999 _c179456
_d179456